Function Spaces : Fourth Conference on Function Spaces, May 14-19, 2002, Southern Illinois University at Edwardsville /

Salvato in:
Dettagli Bibliografici
Ente Autore: Conference on Function Spaces ( Edwardsville, EUA)
Altri autori: Jarosz, Krzysztof (edición) (edición)
Natura: Atti del Convegno Libro
Lingua:inglese
Pubblicazione: Providence, EUA : American Mathematical Society, 2003, c2003
Serie:(Contemporary Mathematics ; 328)
Soggetti:
Tags: Aggiungi Tag
Nessun Tag, puoi essere il primo ad aggiungerne!!

MARC

LEADER 00000nam^a2200000^a^4500
001 000154168
005 20250521000000.0
009 20260310100344.008
020 |a 0-8218-3269-7 
037 |a Acervo ITESO - Biblioteca 
041 |a ING 
082 |a 515. 73  |b CON 2002 
111 |a Conference on Function Spaces (  |n 4o :  |d 2002 :  |c Edwardsville, EUA) 
245 1 0 |a Function Spaces :  |b Fourth Conference on Function Spaces, May 14-19, 2002, Southern Illinois University at Edwardsville /  |c Ed. de K. Jarosz. 
264 4 |a Providence, EUA :  |b American Mathematical Society,  |c 2003, c2003 
300 |a IV, 322 p. 
336 |a texto  |b txt  |2 rdacontenido 
337 |a sin mediación  |b n  |2 rdamedio 
338 |a volumen  |b nc  |2 rdasoporte 
440 1 |a (Contemporary Mathematics ;  |v 328) 
649 |a XX 
650 |a Espacios Funcionales -  |x Congresos 
650 |a Espacios de Banach 
650 |a Funciones Analíticas 
650 |a Homotopía -  |x Teoría 
650 |a Operadores -  |x Teoría 
650 |a Topología 
650 |a Geometría 
650 |a Algebra Lineal 
650 |a Análisis Funcional -  |x Congresos 
650 |a Matemáticas -  |x Congresos 
700 |a Jarosz, Krzysztof  |e (edición) 
910 |a Fondo General 
920 |a Impresos - Libros 
930 |a Colección General 
905 |a 101 
901 |a 0500085787  |b IT1  |c ACC  |u 20250521 
902 |a https://opac.biblio.iteso.mx/vufind/Record/000154168